Los fragmentos de Diógenes de Apolonia
Esta es la primera traducción directa al castellano del total de fragmentos conservados de Diógenes de Apolonia. Incluye una introducción donde se argumenta que más que un simple ecléctico de las tesis jónicas, Diógenes es un ilustrado de la filosofía natural jónica que reformula el monismo dinámico...
Salvato in:
| Autore principale: | |
|---|---|
| Natura: | Libro |
| Lingua: | Undetermined |
| Pubblicazione: |
Caracas, Venezuela
Tiempo Nuevo
1975
|
| Soggetti: | |
| Tags: |
Aggiungi Tag
Nessun Tag, puoi essere il primo ad aggiungerne!!
|
MARC
| LEADER | 00000nam a2200000Ia 4500 | ||
|---|---|---|---|
| 008 | 170316s9999 xx 000 0 und d | ||
| 040 | |a cru BVZT | ||
| 090 | |a 100 C-11f | ||
| 100 | |a Cappelletti, Angel |9 1568 | ||
| 245 | |a Los fragmentos de Diógenes de Apolonia |c / Angel Cappelletti | ||
| 260 | |a Caracas, Venezuela |b Tiempo Nuevo |c 1975 | ||
| 300 | |a 96 p. | ||
| 520 | |a Esta es la primera traducción directa al castellano del total de fragmentos conservados de Diógenes de Apolonia. Incluye una introducción donde se argumenta que más que un simple ecléctico de las tesis jónicas, Diógenes es un ilustrado de la filosofía natural jónica que reformula el monismo dinámico con una rigurosidad a la altura de sus contemporáneos. Seguidamente figuran los fragmentos divididos en: (A) Testimonios, 33 fragmentos sobre su vida, sus escritos y su doctrina; (B) 10 Fragmentos, atribuidos a su obra Sobre la naturaleza; y (C) las Imitaciones, 6 fragmentos que otros le atribuyen pero no son considerados auténticamente propios. | ||
| 650 | |a FILOSOFÍA |9 5 | ||
| 999 | |c 15828 |d 15828 | ||
| 942 | |c 15 D |h 100 C-11f |2 z | ||
